<?xml version="1.0" encoding="UTF-8"?><?xml-stylesheet type="text/xsl" href="static/style.xsl"?><OAI-PMH xmlns="http://www.openarchives.org/OAI/2.0/" xmlns:xsi="http://www.w3.org/2001/XMLSchema-instance" xsi:schemaLocation="http://www.openarchives.org/OAI/2.0/ http://www.openarchives.org/OAI/2.0/OAI-PMH.xsd"><responseDate>2026-06-07T19:59:40Z</responseDate><request verb="GetRecord" identifier="oai:docta.ucm.es:20.500.14352/88653" metadataPrefix="marc">https://docta.ucm.es/rest/oai/request</request><GetRecord><record><header><identifier>oai:docta.ucm.es:20.500.14352/88653</identifier><datestamp>2024-11-07T15:08:50Z</datestamp><setSpec>com_20.500.14352_14</setSpec><setSpec>col_20.500.14352_15</setSpec></header><metadata><record xmlns="http://www.loc.gov/MARC21/slim" xmlns:dcterms="http://purl.org/dc/terms/" xmlns:xsi="http://www.w3.org/2001/XMLSchema-instance" xmlns:doc="http://www.lyncode.com/xoai" xsi:schemaLocation="http://www.loc.gov/MARC21/slim http://www.loc.gov/standards/marcxml/schema/MARC21slim.xsd">
   <leader>00925njm 22002777a 4500</leader>
   <datafield ind2=" " ind1=" " tag="042">
      <subfield code="a">dc</subfield>
   </datafield>
   <datafield ind2=" " ind1=" " tag="720">
      <subfield code="a">Ortego, Joaquín</subfield>
      <subfield code="e">author</subfield>
   </datafield>
   <datafield ind2=" " ind1=" " tag="720">
      <subfield code="a">Espelta, Josep Maria</subfield>
      <subfield code="e">author</subfield>
   </datafield>
   <datafield ind2=" " ind1=" " tag="720">
      <subfield code="a">Armenteras, Dolors</subfield>
      <subfield code="e">author</subfield>
   </datafield>
   <datafield ind2=" " ind1=" " tag="720">
      <subfield code="a">Díez, María Claudia</subfield>
      <subfield code="e">author</subfield>
   </datafield>
   <datafield ind2=" " ind1=" " tag="720">
      <subfield code="a">Muñoz Muñoz, Alberto</subfield>
      <subfield code="e">author</subfield>
   </datafield>
   <datafield ind2=" " ind1=" " tag="720">
      <subfield code="a">Bonal Andrés, Raúl</subfield>
      <subfield code="e">author</subfield>
   </datafield>
   <datafield ind2=" " ind1=" " tag="260">
      <subfield code="c">2023</subfield>
   </datafield>
   <datafield ind2=" " ind1=" " tag="520">
      <subfield code="a">The tropical Andes are one of the most important biodiversity hotspots on Earth, yet our understanding of how their biotas have responded to Quaternary climatic oscillations is extraordinarily limited and the alternative models proposed to explain their demographic dynamics have been seldom formally evaluated. Here, we test the hypothesis that the interplay between the spatial configuration of geographical barriers to dispersal and elevational displacements driven by Quaternary cooling–warming cycles has shaped the demographic trajectories of montane oak forests (Quercus humboldtii) from the Colombian Andes. Specifically, we integrate genomic data and environmental niche modelling at fine temporal resolution to test competing spatially explicit demographic and coalescent models, including scenarios considering (i) isotropic gene flow through the landscape, (ii) the hypothetical impact of contemporary barriers to dispersal (i.e., inter‐Andean valleys), and (iii) distributional shifts of montane oak forests from the Last Glacial Maximum to the present. Although our data revealed a marked genetic fragmentation of montane oak forests, statistical support for isolation‐with‐migration models indicates that geographically separated populations from the different Andean Cordilleras regularly exchange gene flow. Accordingly, spatiotemporally explicit demographic analyses supported a model of flickering connectivity, with scenarios considering isotropic gene flow or currently unsuitable habitats as persistent barriers to dispersal providing a comparatively worse fit to empirical genomic data. Overall, these results emphasize the role of landscape heterogeneity on shaping spatial patterns of genomic variation in montane oak forests, rejecting the hypothesis of genetic continuity and supporting a significant impact of Quaternary climatic oscillations on their demographic trajectories.</subfield>
   </datafield>
   <datafield ind1="8" ind2=" " tag="024">
      <subfield code="a">Ortego, Joaquín, et al. «Demographic and Spatially Explicit Landscape Genomic Analyses in a Tropical Oak Reveal the Impacts of Late Quaternary Climate Change on Andean Montane Forests». Molecular Ecology, vol. 32, n.o 12, junio de 2023, pp. 3182-99.  https://doi.org/10.1111/mec.16930.</subfield>
   </datafield>
   <datafield ind1="8" ind2=" " tag="024">
      <subfield code="a">0962-1083</subfield>
   </datafield>
   <datafield ind1="8" ind2=" " tag="024">
      <subfield code="a">10.1111/mec.16930</subfield>
   </datafield>
   <datafield ind1="8" ind2=" " tag="024">
      <subfield code="a">https://hdl.handle.net/20.500.14352/88653</subfield>
   </datafield>
   <datafield ind1="8" ind2=" " tag="024">
      <subfield code="a">1365-294X</subfield>
   </datafield>
   <datafield ind1="8" ind2=" " tag="024">
      <subfield code="a">https://doi.org/10.1111/mec.16930</subfield>
   </datafield>
   <datafield ind2="0" ind1="0" tag="245">
      <subfield code="a">Demographic and spatially explicit landscape genomic analyses in a tropical oak reveal the impacts of late Quaternary climate change on Andean montane forests</subfield>
   </datafield>
</record></metadata></record></GetRecord></OAI-PMH>